US Air Force Ranks Quiz Stats

 Plays Quiz not verified by Sporcle

Challenge
Share
Tweet
Embed
Score 0/22 Timer 06:00
0 Plays Today
Grade Rank % Correct
E-2Airman
90.6%
O-10General
83.9%
O-4Major
83.6%
O-3Captain
82.5%
O-6Colonel
81.6%
E-3Airman First Class
77.8%
O-2First Lieutenant
74.6%
O-1Second Lieutenant
74.5%
O-5Lieutenant Colonel
74.1%
O-8Major General
73.7%
E-7Master Sergeant
73.7%
Grade Rank % Correct
E-1Airman Basic
73.3%
E-5Staff Sergeant
72.8%
E-4Senior Airman
71.9%
E-6Technical Sergeant
71.5%
O-7Brigadier General
71.5%
O-9Lieutenant General
71.3%
E-9Chief Master Sergeant
66.9%
O-10 (Special)General of the Air Force
61.7%
E-8Senior Master Sergeant
59.7%
E-9 (Special)Chief Master Sergeant of the Air Force
54.1%
E-9 (Special)Command Chief Master Sergeant
42.8%

You're not logged in!

Compare scores with friends on all Sporcle quizzes.
Join for Free
OR
Log In

You Might Also Like...

Show Comments

Extras

Top Quizzes Today


Score Distribution

Your Account Isn't Verified!

In order to create a playlist on Sporcle, you need to verify the email address you used during registration. Go to your Sporcle Settings to finish the process.

Report this User

Report this user for behavior that violates our Community Guidelines.

Details: